| 000 | 01253cam a22003617a 4500 | ||
|---|---|---|---|
| 003 | CHAP | ||
| 005 | 20220329142245.0 | ||
| 008 | 000331d1994 mx r 00110 spa d | ||
| 010 | _a80647 | ||
| 011 | _a81619 | ||
| 035 | _a92093 | ||
| 040 | _cCHAP | ||
| 090 | _aFolleto 15136 | ||
| 100 | 0 | 0 |
_aCansino, César. _918451 |
| 245 | 1 | 0 |
_aModelos de transición : _b(una aproximación conceptual) _c/por César Cansino |
| 260 |
_aMéxico, D.F. : _bCentro de Investigación y Docencia Económicas. División de Estudios Políticos, _c1994. |
||
| 300 | _a15 p. | ||
| 410 | 2 | _aCIDE. División de Estudios Políticos | |
| 490 | 0 |
_aDocumento de trabajo _v; 26 |
|
| 590 |
_aBATCH-UPD _b10 _c20130110 _lUCH01 _h0719 |
||
| 590 |
_aBATCH-UPD _b10 _c20130410 _lUCH01 _h0404 |
||
| 590 |
_aBATCH-UPD _b10 _c20130914 _lUCH01 _h0932 |
||
| 590 |
_aBATCH-UPD _b10 _c20161124 _lUCH01 _h1711 |
||
| 590 |
_aCONVERSION _b10 _c20130109 _lUCH01 _h1345 |
||
| 650 | 1 | 4 |
_aDemocracia. _931740 |
| 651 | 4 |
_aMéxico _xPolítica y gobierno. _976783 |
|
| 810 | 0 | 0 |
_aCIDE. División de Estudios Políticos _923096 |
| 830 | 0 |
_aDocumento de trabajo _v; 26 _933227 |
|
| 901 | _aBK | ||
| 905 | _aGuadalupe Pinto C. | ||
| 942 | _cFOLL | ||
| 949 |
_aFolleto 15136 _bBC _cFOLL _d920931 _eTS1 _i92093 _sb |
||
| 999 |
_c80647 _d80647 |
||